La tristeza de la literatura contemporánea / (Record no. 54998)

MARC details
000 -LEADER
campo de control de longitud fija 00720nam a2200205 i 4500
001 - NÚMERO DE CONTROL
campo de control 54998
003 - IDENTIFICADOR DE NÚMERO DE CONTROL
campo de control ES-MaACL
005 - FECHA Y HORA DE LA ÚLTIMA TRANSACCIÓN
campo de control 20230906163049.0
007 - CAMPO FIJO DE DESCRIPCIÓN FÍSICA--INFORMACIÓN GENERAL
campo de control de longitud fija t|
008 - DATOS DE LONGITUD FIJA--INFORMACIÓN GENERAL
campo de control de longitud fija 030910s1911 sp ||||1| spa d
100 1# - ENTRADA PRINCIPAL--NOMBRE DE PERSONA
Nombre de persona Deleito y Piñuela, José,
Fechas asociadas al nombre 1879-1957
9 (RLIN) 43365
245 13 - MENCIÓN DEL TÍTULO
Título La tristeza de la literatura contemporánea /
Mención de responsabilidad, etc. José Deleito y Piñuela.
260 ## - PUBLICACIÓN, DISTRIBUCIÓN, ETC.
Lugar de publicación, distribución, etc. Madrid :
Nombre del editor, distribuidor, etc. [s.n.],
Fecha de publicación, distribución, etc. 1911 (
Fabricante Tip. de la Revista de Archivos, Bibliotecas y Museos)
300 ## - DESCRIPCIÓN FÍSICA
Extensión 53 p. ;
Dimensiones 25 cm.
650 04 - PUNTO DE ACCESO ADICIONAL DE MATERIA--TÉRMINO DE MATERIA
Término de materia o nombre geográfico como elemento de entrada Tristeza-
Subdivisión general En la literatura.
9 (RLIN) 17650
852 ## - LOCALIZACIÓN
Ubicación ES-MaACL
Número de control de estantería T-1345-F-10
852 ## - LOCALIZACIÓN
Ubicación ES-MaACL
Número de control de estantería 1875-F-9
Sublocalización o colección R.25132
852 ## - LOCALIZACIÓN
Ubicación ES-MaACL
Número de control de estantería T-1396-F-6
Nota libre .- Dedicatoria manuscrita del autor
Holdings
Estatus retirado Estado de pérdida Estado de daño No para préstamo Colección Biblioteca de origen Biblioteca actual Ubicación en estantería Fecha de adquisición Fuente de adquisición Total de préstamos Signatura topográfica completa Código de barras Visto por última vez Precio de reemplazo Tipo de ítem Koha
        Colección de folletos Biblioteca del Ateneo de Madrid Biblioteca del Ateneo de Madrid Depósito folletos 23/07/2012     T-1396-F-6 1190045 23/02/2023 23/02/2023 Folleto
        Colección de folletos Biblioteca del Ateneo de Madrid Biblioteca del Ateneo de Madrid Depósito folletos 17/01/2008     T-1345-F-10 1057793 23/02/2023 23/02/2023 Folleto
        Colección de folletos Biblioteca del Ateneo de Madrid Biblioteca del Ateneo de Madrid Depósito folletos 17/01/2008     1875-F-9 1057794 23/02/2023 23/02/2023 Folleto